00842 2200277 4500001002100000001002100021005001500042020002200057035002400079040001200103082001800115084002200133090001500155090002200170100002200192245006600214245009800280250001200378260003100390260003300421300003500454650002200489700002500511850001200536990001600548YOGYA000000000000864YOGYA00000000000086420140822074038 a978-602-96620-5-4 0010-081400000000904 aYOPDYOG 2[22]aDEP 503 aDEP 500.076 Agu B a320.5P Pan aDEP 500.076 Agu B aKELASWARA SETYADI aPancasila Sebagai Idiologi Terbuka : Problema dan Tantanganya aBuku pintar rumus subur lengkap SMA /cKelaswara Setyadi, Kurnia Ayu Rahmawati ; editor, Goni aCet. 2. aYogyakartabKanisiusc1995 aYogyakartab: Familiai ,2010 avii, 368 hlmb: ilusc; 19 cm. aSains-Buku Pintar aKurnia Ayu Rahmawati aYOPDYOG a104516-P/98